Zondervan handbook to the history of Christianity / (Record no. 241)
[ view plain ]
| 000 -LEADER | |
|---|---|
| fixed length control field | 01625cam a22003254a 4500 |
| 001 - CONTROL NUMBER | |
| control field | 14306302 |
| 003 - CONTROL NUMBER IDENTIFIER | |
| control field | GBCCL |
| 005 - DATE AND TIME OF LATEST TRANSACTION | |
| control field | 20241126110333.0 |
| 008 - FIXED-LENGTH DATA ELEMENTS--GENERAL INFORMATION | |
| fixed length control field | 060320s2006 miuab bf 001 0 eng |
| 010 ## - | |
| -- | 2006009459 |
| 020 ## - INTERNATIONAL STANDARD BOOK NUMBER | |
| International Standard Book Number | 0310262704 |
| 020 ## - INTERNATIONAL STANDARD BOOK NUMBER | |
| International Standard Book Number | 9780310262701 |
| 035 ## - SYSTEM CONTROL NUMBER | |
| System control number | (OCoLC)ocm65201290 |
| 035 ## - SYSTEM CONTROL NUMBER | |
| System control number | (OCoLC)65201290 |
| 040 ## - CATALOGING SOURCE | |
| Original cataloging agency | DLC |
| Transcribing agency | DLC |
| Modifying agency | DLC |
| 042 ## - | |
| -- | pcc |
| 082 00 - DEWEY DECIMAL CLASSIFICATION NUMBER | |
| Classification number | 270 |
| Edition information | 22 |
| Item number | HIL |
| 100 1# - MAIN ENTRY--PERSONAL NAME | |
| Personal name | Hill, Jonathan, |
| Dates associated with a name | 1976- |
| 9 (RLIN) | 116 |
| 245 10 - TITLE STATEMENT | |
| Title | Zondervan handbook to the history of Christianity / |
| Statement of responsibility, etc. | Jonathan Hill. |
| 260 ## - PUBLICATION, DISTRIBUTION, ETC. | |
| Place of publication, distribution, etc. | Grand Rapids, Mich. : |
| Name of publisher, distributor, etc. | Zondervan, |
| Date of publication, distribution, etc. | c2006. |
| 300 ## - PHYSICAL DESCRIPTION | |
| Extent | 559 p. : |
| Other physical details | ill. (some col.), col. maps ; |
| Dimensions | 25 cm. |
| 504 ## - BIBLIOGRAPHY, ETC. NOTE | |
| Bibliography, etc. note | Includes bibliographical references (p. 539-545) and index. |
| 505 0# - FORMATTED CONTENTS NOTE | |
| Formatted contents note | Christian beginnings -- The young church -- Christian Rome -- Africa, the Middle East and the Missions East -- The Byzantine Empire -- A new Europe -- The high Middle Ages -- Russia : the heir of Byzantium -- The Reformation -- A new age of exploration -- Reason and revival -- The West after the Enlightenment -- The age of colonialism -- Modern Europe -- Modern America and Oceania -- Modern Asia -- Modern Africa. |
| 650 #0 - SUBJECT ADDED ENTRY--TOPICAL TERM | |
| Topical term or geographic name entry element | Church history. |
| 9 (RLIN) | 117 |
| 856 41 - ELECTRONIC LOCATION AND ACCESS | |
| Materials specified | Table of contents only |
| Uniform Resource Identifier | <a href="http://www.loc.gov/catdir/toc/ecip0610/2006009459.html">http://www.loc.gov/catdir/toc/ecip0610/2006009459.html</a> |
| 856 42 - ELECTRONIC LOCATION AND ACCESS | |
| Materials specified | Publisher description |
| Uniform Resource Identifier | <a href="http://www.loc.gov/catdir/enhancements/fy0708/2006009459-d.html">http://www.loc.gov/catdir/enhancements/fy0708/2006009459-d.html</a> |
| 906 ## - LOCAL DATA ELEMENT F, LDF (RLIN) | |
| a | 7 |
| b | cbc |
| c | orignew |
| d | 1 |
| e | ecip |
| f | 20 |
| g | y-gencatlg |
| 942 ## - ADDED ENTRY ELEMENTS (KOHA) | |
| Source of classification or shelving scheme | Dewey Decimal Classification |
| Koha item type | Reference Books |
| Koha issues (borrowed), all copies | 3 |
| Withdrawn status | Lost status | Source of classification or shelving scheme | Damaged status | Not for loan | Home library | Current Library | Shelving location | Date acquired | Total checkouts | Full call number | Barcode | Date last seen | Date last checked out | Copy number | Price effective from | Koha item type |
|---|---|---|---|---|---|---|---|---|---|---|---|---|---|---|---|---|
| Dewey Decimal Classification | GRACE BIBLE COLLEGE | GRACE BIBLE COLLEGE | Handbook | 2016-10-12 | 3 | 270 HIL | 014084 | 2025-05-01 | 2019-08-14 | c.1 | 2016-10-12 | Reference Books |